[Event "GER-chT School WK Girls"]
[Site "Playchess.com INT"]
[Date "2020.06.17"]
[Round "6.3"]
[White "Fizer, Charly"]
[Black "Rieger, Lea"]
[Result "1/2-1/2"]
[WhiteElo "1692"]
[BlackElo "1685"]
[PlyCount "80"]
[EventDate "2020.06.10"]
[EventType "team-swiss (blitz)"]
[EventRounds "7"]
[EventCountry "GER"]
[SourceTitle "EXT 2021"]
[Source "ChessBase"]
[SourceDate "2020.10.23"]
[SourceVersion "1"]
[SourceVersionDate "2020.10.23"]
[SourceQuality "1"]
[WhiteTeam "Bad Hersfeld Oberb"]
[BlackTeam "Freiburg St Ursela Gymn"]
[WhiteTeamCountry "GER"]
[BlackTeamCountry "GER"]

1. e4 e5 2. Nf3 Nc6 3. d4 Bb4+ 4. Nc3 d6 5. dxe5 dxe5 6. Bd3 Bg4 7. 0-0 Nf6 8. h3 Bxf3 9. Qxf3 0-0 10. Qg3 Qd4 11. Bg5 Nxe4 12. Bxe4 Bxc3 13. Bh6 g6 14. Rad1 Qxe4 15. Bxf8 Rxf8 16. bxc3 Qxc2 17. Rd7 b5 18. Rxc7 Nb8 19. Qxe5 Qxa2 20. Rb7 Nc6 21. Qd6 Qa6 22. Rd7 Qb6 23. Rc7 Na5 24. Qd7 a6 25. Rc8 Qf6 26. Rxf8+ Kxf8 27. Qc8+ Kg7 28. Qc7 Nc4 29. Re1 Qxc3 30. Re7 Qf6 31. Qd8 a5 32. Qe8 Nd6 33. Qd7 a4 34. Re3 Qa1+ 35. Kh2 Qd4 36. Rf3 Qe5+ 37. Kh1 Qe1+ 38. Kh2 Qe5+ 39. Kg1 Qe1+ 40. Kh2 Qe5+ 1/2-1/2

[Event "GER-chT School WK Girls"]
[Site "Playchess.com INT"]
[Date "2020.06.17"]
[Round "7.3"]
[White "Rieger, Lea"]
[Black "Fock, Madiha"]
[Result "0-1"]
[WhiteElo "1685"]
[BlackElo "1699"]
[PlyCount "104"]
[EventDate "2020.06.10"]
[EventType "team-swiss (blitz)"]
[EventRounds "7"]
[EventCountry "GER"]
[SourceTitle "EXT 2021"]
[Source "ChessBase"]
[SourceDate "2020.10.23"]
[SourceVersion "1"]
[SourceVersionDate "2020.10.23"]
[SourceQuality "1"]
[WhiteTeam "Freiburg St Ursela Gymn"]
[BlackTeam "Berlin Kollwith Gymn"]
[WhiteTeamCountry "GER"]
[BlackTeamCountry "GER"]

1. e4 d5 2. d3 dxe4 3. dxe4 Qxd1+ 4. Kxd1 Nf6 5. Nc3 e5 6. Nf3 Bg4 7. h3 Bxf3+ 8. gxf3 Nc6 9. Bb5 0-0-0+ 10. Bd2 Nd4 11. f4 exf4 12. e5 Nf3 13. Bd3 Nxd2 14. Kxd2 Nd7 15. Bf5 Bb4 16. e6 fxe6 17. Bxe6 Kb8 18. Rad1 Nc5+ 19. Bd5 Rxd5+ 20. Kc1 Rxd1+ 21. Rxd1 Bxc3 22. bxc3 Kc8 23. Rd4 Ne6 24. Re4 Kd7 25. Kd2 Rd8 26. Ke2 Ke7 27. Kf3 Kf6 28. Kg4 Rd2 29. Kf3 Ng5+ 30. Kg4 Nxe4 31. Kxf4 Nxc3 32. Ke3 Rd6 33. a3 Nd5+ 34. Ke4 c6 35. f4 g6 36. c4 Re6+ 37. Kd4 Nxf4 38. Kc5 b6+ 39. Kb4 Nxh3 40. a4 g5 41. c5 g4 42. cxb6 axb6 43. a5 bxa5+ 44. Kxa5 g3 45. Kb6 g2 46. Kc5 g1Q+ 47. Kc4 Qd1 48. Kc5 Qd5+ 49. Kb6 c5+ 50. Kb5 c4+ 51. Kb4 Rb6+ 52. Kc3 Qd3# 0-1